Bách khoa thư thế hệ mới

সংরক্ষণ করুন:
গ্রন্থ-পঞ্জীর বিবরন
বিন্যাস: গ্রন্থ
ভাষা:Vietnamese
প্রকাশিত: Hà Nội Kim Đồng 2015
সংস্করন:Tái bản lần thứ 2
বিষয়গুলি:
ট্যাগগুলো: ট্যাগ যুক্ত করুন
কোনো ট্যাগ নেই, প্রথমজন হিসাবে ট্যাগ করুন!
Thư viện lưu trữ: Trung tâm Học liệu Lê Vũ Hùng, Trường Đại học Đồng Tháp
LEADER 00885pam a22003258a 4500
001 00034475
005 20171026081025.0
008 160920s2015 ||||||viesd
020 # # |a 9786042061490  |c 330000 
041 0 # |a vie 
082 1 4 |a 030  |b B102KH 
245 0 0 |a Bách khoa thư thế hệ mới 
250 # # |a Tái bản lần thứ 2 
260 # # |a Hà Nội  |b Kim Đồng  |c 2015 
300 # # |a 404 tr.  |c 27 cm.  |b minh họa 
653 # # |a Bách khoa thư 
653 # # |a Xã hội 
653 # # |a Tự nhiên 
653 # # |a Sách thiếu nhi 
852 # # |j KM.0020458  |j KD.0017879 
852 # # |b Kho đọc  |j KD.0017879 
852 # # |b Kho mượn  |j KM.0020458 
910 |d 20/09/2016 
980 # # |a Trung tâm Học liệu Lê Vũ Hùng, Trường Đại học Đồng Tháp